000 006580000a22002050004500
003 LK-CoMWRAF
005 20231027135109.0
008 230817t1988 ||||| |||| 00| 0 eng d
040 _aLK-CoMWRAF
_dLK-CoMWRAF
_eLK-CoMWRAF
041 _aeng
082 _a338.954
_bDE
100 _aDe Silva, G. V. S.
245 _aThe Alternatives, Socialism or Barbarism:
_bcollected writings of G.V.S. De Silva
260 _aColombo:
_bSocial Scientists Association,
_c1988
300 _a300 p. : port. ; 23 cm.
650 _aINDIGENOUS PEOPLE-India-Politics and government
650 _aEconomic policy-Sri Lanka
700 _aAbeysekera, Charles.
_eed.
942 _cBK
999 _c423
_d423